Adivina el País que más... - Estadísticas

Estadísticas generales
  • Esta prueba ha sido intentada 61 veces
  • La puntuación promedio es 7 de 15
Estadísticas de respuestas
Hint Respuesta % Correcto
El país con menos habitantes del mundo Ciudad Del Vaticano
98%
El país con menos densidad poblacional del mundo Mongolia
70%
El país con más religiones diferentes India
66%
El país con el salto de agua más alto del mundo Venezuela
58%
El país más montañoso del mundo Bután
49%
El país con el nombre más largo (nombre conocido, no oficial) Republica Democrática del Congo
49%
El país con más pirámides en el mundo Sudán
47%
El país con más libros per cápita Islandia
38%
El país más antiguo del mundo San Marino
36%
El país con más lagos del mundo Finlandia
34%
El país con más guerra de la historia Afganistán
26%
El país con más idiomas oficiales Bolivia
26%
El país más pobre del mundo Burundi
26%
El país más aislado del mundo Tuvalu
25%
El país más caluroso del mundo Kuwait
17%
No se encontraron pruebas coincidentes
Distribución de puntuación
Porcentaje de gente con cada puntuación
Porcentaje por número respondido
Historial de tus puntuaciones
No has intentado esta prueba.